|
|
|
|
| LEADER |
01292pam a22003738a 4500 |
| 001 |
00033212 |
| 005 |
20171026081025.0 |
| 008 |
150508s2013 ||||||Viesd |
| 020 |
# |
# |
|c 58000
|a 9786046500032
|
| 041 |
0 |
# |
|a Vie
|
| 082 |
1 |
4 |
|a 649
|b D112TR
|
| 100 |
1 |
# |
|a Doman, Glenn
|
| 245 |
0 |
0 |
|a Dạy trẻ biết đọc sớm
|c Glenn Doman, Janet Doman; Mai Hoa (dịch)
|
| 246 |
0 |
1 |
|a How to teach your baby to read
|
| 250 |
# |
# |
|a Tái bản lần thứ nhất
|
| 260 |
# |
# |
|a Hà Nội
|b Lao động ; Công ty Sách Thái Hà
|c 2013
|
| 300 |
# |
# |
|a 239 tr.
|c 21 cm.
|b hình vẽ
|
| 490 |
# |
# |
|a Tủ sách Cha mẹ bán chạy nhất tại Mĩ
|
| 653 |
# |
# |
|a Biết đọc
|
| 653 |
# |
# |
|a Dạy trẻ
|
| 653 |
# |
# |
|a Kiến thức
|
| 653 |
# |
# |
|a Hướng dẫn
|
| 653 |
# |
# |
|a Giáo dục gia đình
|
| 700 |
1 |
# |
|a Doman, Janet
|
| 700 |
1 |
# |
|a Mai, Hoa
|e dịch
|
| 852 |
# |
# |
|j KM.0017956
|j KM.0017954
|j KD.0016637
|j KM.0017953
|j KM.0017955
|
| 852 |
# |
# |
|b Kho đọc
|j KD.0016637
|
| 852 |
# |
# |
|b Kho mượn
|j KM.0017953, KM.0017956, KM.0017957, KM.0017958, KM.0017954, KM.0017955, KM.0017956
|
| 910 |
0 |
# |
|d 8/5/2015
|a kchi
|
| 980 |
# |
# |
|a Trung tâm Học liệu Lê Vũ Hùng, Trường Đại học Đồng Tháp
|